000
00221nam a22000857a 4500
008
161201b xxu||||| |||| 00| 0 eng d
100
_9
1639
_a
Young Learners
245
_a
Famous Moral Stories
260
_a
New Delhi
_b
N.D YLP
_c
2011
999
_c
4353
_d
4353